00950nam a2200253 i 45000010005000000030009000050050017000140070003000310080041000340200018000750800021000930800015001141000034001292450185001632600032003483000021003804900057004016000030004586500036004886510049005247000023005738300057005968520043006536392ES-MaACL20250809063445.0t|891009s1986 fr ||||1| fre d a2-01-011407-8 a9(44)"1789/1799" a90(44)"18"1 aFuret, François,d1927-199713aLa Gauche et la Revolution francaise au milieu du XIXe siecle b: Edgar Quinet et la question du Jacobinisme (1865-1870) / cFrancois Furet ; textes presentes par Marina Valensise. aParis : bHachette, c1986. a17 p. ; c23 cm.1 aLibrairie du Bicentenaire de la Revolution Francaise14aQuinet, Edgar,d1803-1875 4aJacobinos-zFrancia-vHistoria. 4aFrancia-xHistoria-y1789-1799, Revolución1 aValensise, Marina.0 aLibrairie du Bicentenaire de la Revolution Francaise aES-MaACLjG-578 bR.117174 z. - rust.